A survey of termites in Sabah forests

Bibliographic Details
Main Author: CHEY
Format: Book
Published: Sandakan, Sabah : Forest Research Centre , 1989
Series:FRC publication; no. 1/89
Subjects:

MARC

LEADER 00000cam a2200000 7i4500
001 0000002274
005 20030423.0
090 0 0 |a 595.736   |b CHE 1989 
100 1 0 |a CHEY   |h Vun Khen 
245 1 2 |a A survey of termites in Sabah forests   |c Chey Vun Khen 
260 0 0 |a Sandakan, Sabah :   |b Forest Research Centre ,   |c 1989 
300 |a 144 p. :   |b col. ill. ;   |c 30 cm. 
440 0 0 |a FRC publication; no. 1/89 
500 0 0 |a Bibliography : p. 144 
650 0 0 |a Termites   |z Sabah 
998 |a JPSM 
999 |a 0000003240   |b Monograph   |c Open Shelf   |e Default branch